01201 2200253 4500001002100000005001500021035002000036007000300056008004100059020001800100082001000118084001600128100003800144245012500182250002000307300003800327650001700365520043400382264004100816336002100857337003000878338002300908990001600931INLIS00000000000073920260511035756 a0010-0526000195ta260511 e 0 ind  a9789793862781 a649.1 a649.1 HAJ c0 aHajjah Suryati ArmaiynePengarang1 aCatatan hati sang bunda : peran ibu dalam membangun bangsa /cHajjah Suryati Armaiyn ; penyunting, KH. M. Rusli Amin, MA aCetakan pertama a162 halaman :bIlustrasi ;c19 cm 4aIbu dan Anak aBuku ini berisi refleksi dan pemikiran mengenai pentingnya peran seorang ibu dalam membentuk karakter anak dan membangun bangsa melalui pendidikan dalam keluarga. Penulis menekankan bahwa kasih sayang, keteladanan, dan pengasuhan yang baik menjadi fondasi utama dalam menciptakan generasi yang berkualitas. Buku ini memberikan inspirasi dan motivasi bagi para ibu dalam menjalankan perannya di lingkungan keluarga dan masyarakat. aJakarta :bPustaka Al-Mawardi,c2011 2rdacontentateks 2rdamediaatanpa perantara 2rdacarrieravolume aPP001445/19